Radar and laser cross section engineering-(E-BOOK) (Record no. 191714)
[ view plain ]
| 000 -LEADER | |
|---|---|
| fixed length control field | 01043 a2200241 4500 |
| 003 - CONTROL NUMBER IDENTIFIER | |
| control field | Nust |
| 005 - DATE AND TIME OF LATEST TRANSACTION | |
| control field | 20170207154022.0 |
| 010 ## - LIBRARY OF CONGRESS CONTROL NUMBER | |
| LC control number | 2005013254 |
| 020 ## - INTERNATIONAL STANDARD BOOK NUMBER | |
| International Standard Book Number | 1-56347-702-5 (alk. paper) |
| 020 ## - INTERNATIONAL STANDARD BOOK NUMBER | |
| International Standard Book Number | 978-1-56347-702-7 (alk. paper) |
| 035 ## - SYSTEM CONTROL NUMBER | |
| System control number | (OCoLC)ocm60348928 |
| 040 ## - CATALOGING SOURCE | |
| Transcribing agency | Nust |
| 082 00 - DEWEY DECIMAL CLASSIFICATION NUMBER | |
| Classification number | 621.3848 |
| 100 1# - MAIN ENTRY--PERSONAL NAME | |
| Personal name | Jenn, David C. |
| 245 10 - TITLE STATEMENT | |
| Title | Radar and laser cross section engineering-(E-BOOK) |
| Statement of responsibility, etc. | David C. Jenn |
| 250 ## - EDITION STATEMENT | |
| Edition statement | 2. ed. |
| 260 ## - PUBLICATION, DISTRIBUTION, ETC. | |
| Place of publication, distribution, etc. | Reston, Va. : |
| Name of publisher, distributor, etc. | American Institute of Aeronautics and Astronautics, |
| Date of publication, distribution, etc. | cop. 2005 |
| 300 ## - PHYSICAL DESCRIPTION | |
| Extent | xxi, 505 p. : |
| Other physical details | ill. ; |
| Dimensions | 24 cm. |
| 490 0# - SERIES STATEMENT | |
| Series statement | AIAA education series |
| 505 ## - FORMATTED CONTENTS NOTE | |
| Formatted contents note | Radar Cross Section (Page-1),Basic Theorems, Concepts, and Methods (Page-39), Frequency Domain Numerical Methods (Page-97),Time Domain Numerical Methods (Page-149),Microwave Optics (Page-221),Complex Targets (Page-257),Radar Cross Section Reduction (Page-335), Measurement of Radar Cross Section (Page-397), Laser Cross Section (Page-411). |
| 650 #0 - SUBJECT ADDED ENTRY--TOPICAL TERM | |
| Topical term or geographic name entry element | Telecommunication engineering. |
| 651 ## - SUBJECT ADDED ENTRY--GEOGRAPHIC NAME | |
| Geographic name | E-BOOK |
| 942 ## - ADDED ENTRY ELEMENTS (KOHA) | |
| Source of classification or shelving scheme | |
| Koha item type | Book |
| Withdrawn status | Lost status | Source of classification or shelving scheme | Damaged status | Not for loan | Collection code | Permanent Location | Current Location | Date acquired | Total Checkouts | Full call number | Barcode | Date last seen | Price effective from | Koha item type |
|---|---|---|---|---|---|---|---|---|---|---|---|---|---|---|
| Military College of Signals (MCS) | Military College of Signals (MCS) | 12/12/2016 | 621.3848 JEN | MCSEB-767 | 12/08/2016 | 12/12/2016 | Book |
